Guess the U.S. Presidents from Each State - Statistics

General Stats
  • This quiz has been taken 53 times
  • The average score is 33 of 45
Answer Stats
Birth State # Answer % Correct
VA 1st George Washington
98%
HI 44th Barack Obama
93%
VA 3rd Thomas Jefferson
93%
VA 4th James Madison
90%
AR 42nd Bill Clinton
88%
VA 5th James Monroe
88%
GA 39th Jimmy Carter
88%
MA 2nd John Adams
85%
KY 16th Abraham Lincoln
83%
MA 35th John F. Kennedy
83%
CA 37th Richard Nixon
83%
IL 40th Ronald Reagan
83%
NY 45th 47th Donald Trump
80%
MA 41st George H. W. Bush
80%
PA 46th Joe Biden
80%
MA 6th John Quincy Adams
80%
CT 43rd George W. Bush
78%
TX 36th Lyndon B. Johnson
75%
SC 7th Andrew Jackson
73%
TX 34th Dwight D. Eisenhower
73%
NY 32nd Franklin D. Roosevelt
73%
MO 33rd Harry S. Truman
73%
OH 18th Ulysses S. Grant
73%
NY 8th Martin Van Buren
70%
NY 26th Theodore Roosevelt
70%
VA 12th Zachary Taylor
70%
PA 15th James Buchanan
68%
NE 38th Gerald Ford
65%
NJ 22nd 24th Grover Cleveland
65%
VA 10th John Tyler
65%
VA 9th William Henry Harrison
65%
VA 28th Woodrow Wilson
65%
NC 17th Andrew Johnson
63%
IA 31st Herbert Hoover
63%
OH 19th Rutherford B. Hayes
63%
NH 14th Franklin Pierce
60%
OH 20th James A. Garfield
60%
NC 11th James K. Polk
60%
OH 27th William Howard Taft
60%
OH 23rd Benjamin Harrison
58%
VT 30th Calvin Coolidge
58%
NY 13th Millard Fillmore
58%
OH 25th William McKinley
58%
OH 29th Warren G. Harding
55%
VT 21st Chester A. Arthur
53%
No matching quizzes found
Score Distribution
Percent of People with Each Score
Percentile by Number Answered
Your Score History
You have not taken this quiz